000 00422nam a2200121Ia 4500
008 171212s9999 xx 000 0 und d
020 _a9780801497063
100 _aHohendahl, Peter Uwe
245 _cHohendahl, Peter Uwe
_aReappraisals
_bShifting Alignments in Postwar Critical Theory
260 _bCornell University Press
_c1991
650 _aLanguage & Literature
856 _uhttp://jstor.org/stable/10.7591/j.ctt1g69xjd
999 _c351450
_d351450